000 00410nam a22001577a 4500
005 20251108173134.0
008 250721s2002 xx 000 0 ara d
082 1 4 _a746.4/فن
245 1 0 _aفن التطريز /
264 1 _aبيروت :
_bمؤسسة الإيمان،
_c2002.
300 _a64ص.
650 1 7 _aالتطريز
650 1 7 _aالحرف اليدوية
942 _2ddc
_cBK
999 _c96956
_d96956